[Event "DVM U10 2016"]
[Site "Magdeburg GER"]
[Date "2016.12.27"]
[Round "2"]
[White "Kiefhaber, Tobias"]
[Black "Schickner, Jano"]
[Result "1-0"]
[Termination "normal"]
[Board "10.2"]
[WhiteElo "1130"]
[BlackElo "982"]
[WhiteTeam "Karlsruher SF"]
[BlackTeam "SG Königskinder Hohentübingen"]
[PlyCount "94"]
[WhiteFideId "16240693"]
[EventCountry "GER"]
[EventRounds "7"]
[EventType "team-swiss"]
[EventDate "2016.12.27"]

1. e4 c5 2. Nf3 e6 3. d4 d5 4. Nc3 Nf6 5. Bg5 h6 6. Bh4 g5 7. e5 gxh4 8. exf6
Qxf6 9. Nb5 Qe7 10. b3 a6 11. Nc3 Bd7 12. Bd3 Nc6 13. dxc5 Qxc5 14. Na4 Qa5+
15. c3 b5 16. b4 Qxa4 17. Nxh4 Qxd1+ 18. Rxd1 Be7 19. Nf3 Rg8 20. O-O e5 21.
Be2 Bh3 22. Ne1 d4 23. c4 bxc4 24. Bxc4 Bxb4 25. Bd5 Kd7 26. Nd3 Bd6 27. Ne1
Rac8 28. Bxf7 Rg7 29. Bh5 e4 30. f3 e3 31. Rb1 d3 32. Kh1 Bf5 33. g4 Bg6 34.
Bxg6 Rxg6 35. Nxd3 Rf6 36. Rb7+ Rc7 37. Rb3 Nd4 38. Rbb1 Rxf3 39. Rxf3 Nxf3 40.
Kg2 Nxh2 41. Rd1 Nxg4 42. Kf3 h5 43. Ke2 Rc2+ 44. Kf3 Ne5+ 45. Nxe5+ Ke6 46.
Nd3 Rxa2 47. Kxe3 h4 {nicht mehr nachvollziehbar} 1-0

[Event "DVM U10 2016"]
[Site "Magdeburg GER"]
[Date "2016.12.27"]
[Round "2"]
[White "Liang, Jiaxuan"]
[Black "Schulz, Hannah"]
[Result "0-1"]
[Termination "normal"]
[Board "10.3"]
[WhiteElo "984"]
[BlackElo "1045"]
[WhiteTeam "SG Königskinder Hohentübingen"]
[BlackTeam "Karlsruher SF"]
[PlyCount "58"]
[WhiteFideId "34675205"]
[BlackFideId "16244745"]
[EventCountry "GER"]
[EventRounds "7"]
[EventType "team-swiss"]
[EventDate "2016.12.27"]

1. e4 e5 2. Nf3 Nc6 3. Bb5 Bb4 4. a3 Bc5 5. d3 d6 6. Nbd2 Bg4 7. Nf1 Nf6 8. Bg5
O-O 9. Ng3 Rb8 10. h3 Bxf3 11. Qxf3 Nd4 12. Qd1 Nxb5 13. Qe2 Nd4 14. Qd2 Ne6
15. Bh4 Nf4 16. O-O c6 17. c3 d5 18. Qd1 d4 19. b4 Be7 20. cxd4 Qxd4 21. Qd2
Nxe4 22. Nxe4 Bxh4 23. Kh1 Rfd8 24. Rad1 f5 25. Nc3 e4 26. g3 Bf6 27. gxf4 Qxc3
28. Qxc3 Bxc3 29. dxe4 fxe4 0-1

[Event "DVM U10 2016"]
[Site "Magdeburg GER"]
[Date "2016.12.27"]
[Round "2"]
[White "Eichhorn, Valentin"]
[Black "Leyrer, Justus"]
[Result "1-0"]
[Termination "normal"]
[Board "10.4"]
[WhiteElo "989"]
[BlackElo "855"]
[WhiteTeam "Karlsruher SF"]
[BlackTeam "SG Königskinder Hohentübingen"]
[PlyCount "49"]
[WhiteFideId "16239032"]
[EventCountry "GER"]
[EventRounds "7"]
[EventType "team-swiss"]
[EventDate "2016.12.27"]

1. d4 e6 2. Nf3 Nf6 3. Bf4 Bb4+ 4. c3 Ba5 5. e3 Nc6 6. Qc2 d6 7. Bd3 e5 8. dxe5
dxe5 9. Nxe5 Nxe5 10. Bxe5 Qd5 11. Bg3 Qxg2 12. Rf1 Bh3 13. Nd2 Rd8 14. O-O-O
Qd5 15. Bc4 Qc5 16. Rfe1 Bg4 17. Be2 Bf5 18. e4 Bg6 19. Nb3 Qg5+ 20. f4 Qh6 21.
Rxd8+ Kxd8 22. Rd1+ Ke7 23. Nxa5 b6 24. Nc6+ Ke8 25. Rd8# 1-0

[Event "DVM U10 2016"]
[Site "Magdeburg GER"]
[Date "2016.12.27"]
[Round "2"]
[White "Kuppe, Eugen"]
[Black "Schmidt, Dirk"]
[Result "1-0"]
[Termination "normal"]
[Board "11.1"]
[WhiteElo "1184"]
[BlackElo "1030"]
[WhiteTeam "SV Roter Turm Halle 1"]
[BlackTeam "SV Empor Erfurt"]
[PlyCount "51"]
[BlackFideId "16220544"]
[EventCountry "GER"]
[EventRounds "7"]
[EventType "team-swiss"]
[EventDate "2016.12.27"]

1. c4 e5 2. Nc3 Nf6 3. d3 Bc5 4. g3 Nc6 5. Bg2 d6 6. Nf3 Bf5 7. O-O Qe7 8. Bg5
O-O-O 9. Nd5 Qe6 10. a3 h6 11. Bxf6 gxf6 12. b4 Bb6 13. a4 a5 14. b5 Nd4 15.
Nxb6+ cxb6 16. Nxd4 exd4 17. Re1 Bh3 18. Bh1 Rdg8 19. e3 Kd8 20. exd4 Qf5 21.
Qf3 Qxf3 22. Bxf3 Re8 23. Bxb7 Re7 24. Rxe7 Kxe7 25. Re1+ Kd7 26. f3 1-0

[Event "DVM U10 2016"]
[Site "Magdeburg GER"]
[Date "2016.12.27"]
[Round "2"]
[White "Mantu, Valentin"]
[Black "Pietsch, Johann"]
[Result "1/2-1/2"]
[Termination "normal"]
[Board "11.2"]
[WhiteElo "961"]
[BlackElo "1590"]
[WhiteTeam "SV Empor Erfurt"]
[BlackTeam "SV Roter Turm Halle 1"]
[PlyCount "41"]
[WhiteFideId "16278054"]
[BlackFideId "12987000"]
[EventCountry "GER"]
[EventRounds "7"]
[EventType "team-swiss"]
[EventDate "2016.12.27"]

1. Nf3 Nc6 2. b3 Nf6 3. Bb2 g6 4. g3 Bg7 5. Bg2 O-O 6. O-O d6 7. d4 d5 8. e3
Bf5 9. Nbd2 Qd7 10. Nh4 Bh3 11. Ndf3 Bxg2 12. Nxg2 Rfe8 13. Qd3 a6 14. Rfe1
Rad8 15. Rad1 Ne4 16. a4 Nb4 17. Qe2 e6 18. Kf1 Qc6 19. Rc1 Na2 20. Ra1 Nb4 21.
Rac1 1/2-1/2

[Event "DVM U10 2016"]
[Site "Magdeburg GER"]
[Date "2016.12.27"]
[Round "2"]
[White "Adelmeyer, Nelly"]
[Black "Weiß, Oskar"]
[Result "1-0"]
[Termination "normal"]
[Board "11.3"]
[WhiteElo "1144"]
[BlackElo "934"]
[WhiteTeam "SV Roter Turm Halle 1"]
[BlackTeam "SV Empor Erfurt"]
[PlyCount "89"]
[WhiteFideId "16203577"]
[BlackFideId "16220552"]
[EventCountry "GER"]
[EventRounds "7"]
[EventType "team-swiss"]
[EventDate "2016.12.27"]

1. e4 c5 2. c3 d6 3. d4 cxd4 4. cxd4 g6 5. Nc3 Bd7 6. Nf3 f6 7. Bf4 e5 8. dxe5
dxe5 9. Be3 Nc6 10. Bc4 Nge7 11. Qd6 Nf5 12. Qd5 Qe7 13. O-O Nxe3 14. fxe3
O-O-O 15. Qb5 Qc5 16. Qxc5 Bxc5 17. Nd5 Rhf8 18. a4 Ne7 19. Nxe7+ Bxe7 20. Rac1
Kb8 21. Bd5 Rc8 22. Rc3 Rxc3 23. bxc3 Bc6 24. Bxc6 bxc6 25. Rb1+ Kc7 26. Rb2
Bc5 27. Kf2 f5 28. exf5 Rxf5 29. g4 Rf8 30. Ke2 Rb8 31. Rxb8 Kxb8 32. Nxe5 Kc7
33. Nd3 Bd6 34. h3 Kd7 35. Nb4 a5 36. Nd3 Bf8 37. Ne5+ Kc7 38. Nc4 Bg7 39. Kd3
Kb7 40. Nxa5+ Ka6 41. Nxc6 Kb6 42. Nd4 Ka5 43. c4 Bf8 44. Ne6 Be7 45. c5 1-0

[Event "DVM U10 2016"]
[Site "Magdeburg GER"]
[Date "2016.12.27"]
[Round "2"]
[White "Rüttinger, Max"]
[Black "Kageler, Anton Paul"]
[Result "0-1"]
[Termination "normal"]
[Board "11.4"]
[WhiteElo "962"]
[BlackElo "911"]
[WhiteTeam "SV Empor Erfurt"]
[BlackTeam "SV Roter Turm Halle 1"]
[PlyCount "50"]
[WhiteFideId "16278097"]
[BlackFideId "16244850"]
[EventCountry "GER"]
[EventRounds "7"]
[EventType "team-swiss"]
[EventDate "2016.12.27"]

1. e4 c5 2. Nf3 Nc6 3. Nc3 d6 4. Bb5 Bd7 5. d3 Nf6 6. Bg5 e6 7. d4 cxd4 8. Nxd4
Nxd4 9. Bxd7+ Qxd7 10. Qxd4 Be7 11. O-O-O O-O 12. e5 Ne8 13. Bxe7 Qxe7 14. exd6
Qd7 15. h4 Rd8 16. Qxa7 Nxd6 17. h5 h6 18. g4 Qe7 19. f4 Nc4 20. Rxd8 Rxd8 21.
g5 hxg5 22. h6 gxh6 23. Rxh6 Qd6 24. fxg5 Qd2+ 25. Kb1 Qe1+ 0-1

[Event "DVM U10 2016"]
[Site "Magdeburg GER"]
[Date "2016.12.27"]
[Round "2"]
[White "Schön, Florian"]
[Black "Kocharin, Timur"]
[Result "0-1"]
[Termination "normal"]
[Board "12.1"]
[WhiteElo "1152"]
[BlackElo "1037"]
[WhiteTeam "BSG Grün-Weiß Leipzig"]
[BlackTeam "SK Bebenhausen"]
[PlyCount "78"]
[WhiteFideId "16259394"]
[BlackFideId "16240936"]
[EventCountry "GER"]
[EventRounds "7"]
[EventType "team-swiss"]
[EventDate "2016.12.27"]

1. e4 c5 2. Nf3 e6 3. Nc3 a6 4. Bc4 Nc6 5. d4 b5 6. Bb3 c4 7. Bxc4 bxc4 8. Qe2
Na5 9. Ne5 Bb4 10. Nxc4 Qc7 11. Nd2 Bxc3 12. bxc3 Qxc3 13. Rb1 Ne7 14. Qg4 O-O
15. h4 Qxd4 16. h5 h6 17. Nf3 Qf6 18. e5 Qf5 19. Qg3 Qh7 20. Nh2 Nf5 21. Qg4
Nc6 22. f4 Ncd4 23. c3 Ne3 24. Bxe3 Qxb1+ 25. Kd2 Qxh1 26. cxd4 Bb7 27. f5
Qxg2+ 28. Qxg2 Bxg2 29. f6 Rab8 30. fxg7 Kxg7 31. Ng4 Bf3 32. Nf6 Rb2+ 33. Kd3
Rxa2 34. Nxd7 Rd8 35. Nf6 Rb2 36. Bd2 Ra8 37. Bc3 Rb3 38. Kc2 Rb5 39. Kc1 a5
0-1

[Event "DVM U10 2016"]
[Site "Magdeburg GER"]
[Date "2016.12.27"]
[Round "2"]
[White "Weide, Julian"]
[Black "Willberg, Marek"]
[Result "1-0"]
[Termination "normal"]
[Board "12.2"]
[WhiteElo "984"]
[BlackElo "1060"]
[WhiteTeam "SK Bebenhausen"]
[BlackTeam "BSG Grün-Weiß Leipzig"]
[PlyCount "45"]
[WhiteFideId "16275209"]
[BlackFideId "16224027"]
[EventCountry "GER"]
[EventRounds "7"]
[EventType "team-swiss"]
[EventDate "2016.12.27"]

1. c4 e5 2. e3 Nc6 3. Nf3 Bc5 4. a3 a6 5. d4 exd4 6. exd4 Bb6 7. Bf4 Nf6 8.
Qe2+ Qe7 9. Qxe7+ Nxe7 10. c5 Ba7 11. Bxc7 O-O 12. Bd6 Re8 13. Nc3 Ned5+ 14.
Ne5 Nxc3 15. bxc3 Ne4 16. Bc4 Kh8 17. Nxf7+ Kg8 18. O-O Nd2 19. Rfe1 Re4 20.
Ng5+ Kh8 21. Nxe4 Nxc4 22. Ng5 h6 23. Re8# 1-0

[Event "DVM U10 2016"]
[Site "Magdeburg GER"]
[Date "2016.12.27"]
[Round "2"]
[White "Nguyen, Jenny Ha-Linh"]
[Black "Heller, Fabian Nicolas"]
[Result "1-0"]
[Termination "normal"]
[Board "12.3"]
[WhiteElo "1061"]
[BlackElo "756"]
[WhiteTeam "BSG Grün-Weiß Leipzig"]
[BlackTeam "SK Bebenhausen"]
[PlyCount "75"]
[WhiteFideId "16209729"]
[EventCountry "GER"]
[EventRounds "7"]
[EventType "team-swiss"]
[EventDate "2016.12.27"]

1. e4 c5 2. Nf3 Nc6 3. Nc3 g6 4. g3 Bg7 5. Bg2 e6 6. O-O d5 7. exd5 exd5 8.
Re1+ Nge7 9. d3 O-O 10. Bd2 Bg4 11. h3 Bxf3 12. Bxf3 Qd7 13. Bg2 Rfe8 14. Kh2
Nf5 15. f4 Rxe1 16. Qxe1 Re8 17. Qf2 d4 18. Ne4 h6 19. Nxc5 Qc7 20. Re1 Rxe1
21. Qxe1 b6 22. Qe8+ Bf8 23. Bxc6 Ng7 24. Qd7 Qxd7 25. Bxd7 bxc5 26. c3 dxc3
27. bxc3 Nh5 28. Be3 Nf6 29. Bb5 Nd5 30. Bd2 Bg7 31. c4 Nc7 32. Ba4 Kf8 33. Be3
Bd4 34. Bxd4 cxd4 35. c5 Na6 36. c6 Ke7 37. Bb5 Nb8 38. c7 1-0

[Event "DVM U10 2016"]
[Site "Magdeburg GER"]
[Date "2016.12.27"]
[Round "2"]
[White "Schulz, Rafael"]
[Black "Lox, Nils Norman"]
[Result "0-1"]
[Termination "normal"]
[Board "13.1"]
[WhiteElo "1084"]
[BlackElo "1510"]
[WhiteTeam "USV TU Dresden"]
[BlackTeam "SC Eintracht Berlin"]
[PlyCount "66"]
[BlackFideId "16221389"]
[EventCountry "GER"]
[EventRounds "7"]
[EventType "team-swiss"]
[EventDate "2016.12.27"]

1. e4 d5 2. exd5 Qxd5 3. Nc3 Qa5 4. Bc4 Nf6 5. Nf3 Bf5 6. O-O e6 7. d3 c6 8. a3
Bd6 9. b4 Qc7 10. Re1 O-O 11. b5 c5 12. Bb2 Nbd7 13. Na2 b6 14. a4 h6 15. Qc1
Kh7 16. Qd2 Rg8 17. d4 Be4 18. h3 Bxf3 19. gxf3 Nf8 20. Bd3+ Ng6 21. dxc5 Bxc5
22. Bxf6 gxf6 23. Be4 Rad8 24. Qc3 Bd6 25. Qxf6 Be5 26. Bxg6+ Rxg6+ 27. Qxg6+
Kxg6 28. Rac1 Rd2 29. Nb4 Bd4 30. Rf1 Bxf2+ 31. Rxf2 Qg3+ 32. Kh1 Rxf2 33. Rg1
Rh2# 0-1

[Event "DVM U10 2016"]
[Site "Magdeburg GER"]
[Date "2016.12.27"]
[Round "2"]
[White "Eichner, Tim"]
[Black "Hoffmann, Kay"]
[Result "0-1"]
[Termination "normal"]
[Board "13.3"]
[WhiteElo "818"]
[BlackElo "1059"]
[WhiteTeam "USV TU Dresden"]
[BlackTeam "SC Eintracht Berlin"]
[PlyCount "71"]
[WhiteFideId "34617213"]
[BlackFideId "16227000"]
[EventCountry "GER"]
[EventRounds "7"]
[EventType "team-swiss"]
[EventDate "2016.12.27"]

1. e4 d5 2. exd5 Qxd5 3. Nc3 Qa5 4. Nf3 Nf6 5. Bc4 Bf5 6. O-O e6 7. d3 c6 8.
Bf4 Nbd7 9. Qd2 Bb4 10. a3 Bxc3 11. bxc3 Rd8 12. Rfe1 Nc5 13. d4 Nce4 14. Qd3
Nxc3 15. Qd2 Nfe4 16. Qe2 Nxe2+ 17. Rxe2 f6 18. Rae1 g5 19. Bg3 h5 20. h4 g4
21. Nh2 Rxd4 22. Bd3 Nxg3 23. fxg3 Bxd3 24. cxd3 e5 25. Rf2 Qc5 26. Kh1 Rxd3
27. Rxf6 Rxg3 28. Re6+ Kd7 29. R1xe5 Qxa3 30. Re7+ Qxe7 31. Rxe7+ Kxe7 32. Nf1
Ra3 33. Kg1 Ra1 34. Kf2 Rf8+ 35. Ke3 Raxf1 36. g3 0-1

[Event "DVM U10 2016"]
[Site "Magdeburg GER"]
[Date "2016.12.27"]
[Round "2"]
[White "Beyer, Lorenz"]
[Black "Kovalchuk, Alexander"]
[Result "0-1"]
[Termination "normal"]
[Board "13.4"]
[WhiteElo "993"]
[BlackElo "787"]
[WhiteTeam "SC Eintracht Berlin"]
[BlackTeam "USV TU Dresden"]
[PlyCount "29"]
[WhiteFideId "16245393"]
[BlackFideId "16247809"]
[EventCountry "GER"]
[EventRounds "7"]
[EventType "team-swiss"]
[EventDate "2016.12.27"]

1. d4 f5 2. e3 Nf6 3. Nf3 g6 4. Bd3 d6 5. Nc3 Be6 6. Bd2 Bg7 7. Qe2 O-O 8. Bc4
Bxc4 9. Qxc4+ d5 10. Qb5 b6 11. Ng5 Qd7 12. Qxd7 Nbxd7 13. Ne6 Rf7 14. Nxc7 Rc8
15. N7b5 {nicht mehr nachvollziehbar} 0-1

[Event "DVM U10 2016"]
[Site "Magdeburg GER"]
[Date "2016.12.27"]
[Round "2"]
[White "Lienau, Tom"]
[Black "Bungarten, Jona"]
[Result "0-1"]
[Termination "normal"]
[Board "14.1"]
[WhiteElo "886"]
[BlackElo "1716"]
[WhiteTeam "Segeberger SF"]
[BlackTeam "SF Brackel"]
[PlyCount "26"]
[WhiteFideId "16216423"]
[BlackFideId "16223608"]
[EventCountry "GER"]
[EventRounds "7"]
[EventType "team-swiss"]
[EventDate "2016.12.27"]

1. e4 e5 2. Nf3 Nc6 3. Bc4 Nf6 4. d3 Be7 5. Nbd2 O-O 6. b3 d5 7. exd5 Nxd5 8.
Qe2 Nf4 9. Qe4 Bf6 10. d4 Nxd4 11. Nxd4 Qxd4 12. Bd3 Nxd3+ 13. Qxd3 Qxa1 0-1

[Event "DVM U10 2016"]
[Site "Magdeburg GER"]
[Date "2016.12.27"]
[Round "2"]
[White "Stych, Paul"]
[Black "Palyan, Levon"]
[Result "1-0"]
[Termination "normal"]
[Board "14.2"]
[WhiteElo "1136"]
[BlackElo "880"]
[WhiteTeam "SF Brackel"]
[BlackTeam "Segeberger SF"]
[PlyCount "50"]
[WhiteFideId "16255615"]
[BlackFideId "16216440"]
[EventCountry "GER"]
[EventRounds "7"]
[EventType "team-swiss"]
[EventDate "2016.12.27"]

1. e4 e5 2. Nf3 Nc6 3. Bc4 Be7 4. d4 d6 5. Nc3 Bg4 6. h3 Bh5 7. g4 Bg6 8. Be3
Nf6 9. Bd3 d5 10. dxe5 Nxe4 11. Bxe4 dxe4 12. Nd4 Nxe5 13. a3 O-O 14. Qd2 c5
15. f4 cxd4 16. fxe5 dxc3 17. Qxc3 Rc8 18. Qd4 Qxd4 19. Bxd4 Rfd8 20. c3 Bc5
21. Rd1 Re8 22. b4 Bxd4 23. Rxd4 Rxe5 24. O-O e3 25. Re1 Rce8 0-1

[Event "DVM U10 2016"]
[Site "Magdeburg GER"]
[Date "2016.12.27"]
[Round "2"]
[White "Staubus, Noah"]
[Black "Römer, Alois"]
[Result "0-1"]
[Termination "normal"]
[Board "14.3"]
[WhiteElo "1007"]
[BlackElo "1074"]
[WhiteTeam "Segeberger SF"]
[BlackTeam "SF Brackel"]
[PlyCount "46"]
[WhiteFideId "34690271"]
[BlackFideId "16255607"]
[EventCountry "GER"]
[EventRounds "7"]
[EventType "team-swiss"]
[EventDate "2016.12.27"]

1. e4 e5 2. Nf3 Nc6 3. d4 exd4 4. Bc4 Nf6 5. e5 Qe7 6. O-O Nxe5 7. Re1 d6 8.
Nxe5 dxe5 9. b3 g6 10. Bb2 c5 11. b4 b6 12. Bb5+ Bd7 13. Bxd7+ Qxd7 14. bxc5
Bxc5 15. Nd2 O-O 16. Ne4 Nxe4 17. Rxe4 Qf5 18. Qe1 Rfe8 19. c3 Qd7 20. cxd4
exd4 21. Rxe8+ Qxe8 22. Qxe8+ Rxe8 23. Bc1 Re1# 0-1

[Event "DVM U10 2016"]
[Site "Magdeburg GER"]
[Date "2016.12.27"]
[Round "2"]
[White "Tomasjan, Samuel"]
[Black "Onat, Elias Levent"]
[Result "1-0"]
[Termination "normal"]
[Board "14.4"]
[WhiteElo "808"]
[BlackElo "600"]
[WhiteTeam "SF Brackel"]
[BlackTeam "Segeberger SF"]
[PlyCount "84"]
[WhiteFideId "16235584"]
[EventCountry "GER"]
[EventRounds "7"]
[EventType "team-swiss"]
[EventDate "2016.12.27"]

1. e4 e5 2. Nf3 Nc6 3. Bc4 Bc5 4. Nc3 Nf6 5. Ng5 O-O 6. d3 d6 7. h3 h6 8. Nf3
Bb4 9. Bd2 Bxc3 10. Bxc3 a6 11. Qe2 b5 12. Bb3 Ne7 13. d4 exd4 14. Bxd4 Bb7 15.
Bxf6 gxf6 16. Qe3 d5 17. Qxh6 Ng6 18. O-O-O Qe7 19. exd5 Rad8 20. h4 a5 21. a3
a4 22. Ba2 Qe4 23. h5 Qf4+ 24. Qxf4 Nxf4 25. Rh4 Nxg2 26. Rg4+ Kh7 27. Rxg2 c6
28. h6 Rg8 29. Rxg8 Rxg8 30. d6 Rd8 31. Bxf7 Kxh6 32. d7 c5 33. Ng1 Bc6 34. Be8
Bxd7 35. Bxd7 Rb8 36. Nf3 Kg6 37. b3 axb3 38. cxb3 b4 39. a4 Ra8 40. Rd5 Ra5
41. Nd4 c4 42. Rxa5 c3 1-0

[Event "DVM U10 2016"]
[Site "Magdeburg GER"]
[Date "2016.12.27"]
[Round "2"]
[White "Hommer, Jeremy"]
[Black "Sommer, Justus"]
[Result "1-0"]
[Termination "normal"]
[Board "15.1"]
[WhiteElo "1811"]
[BlackElo "862"]
[WhiteTeam "SC Turm Lüneburg"]
[BlackTeam "Lübecker SV 2"]
[PlyCount "53"]
[WhiteFideId "12992577"]
[BlackFideId "16245008"]
[EventCountry "GER"]
[EventRounds "7"]
[EventType "team-swiss"]
[EventDate "2016.12.27"]

1. d4 d5 2. Bf4 c5 3. e3 Nc6 4. c3 Nf6 5. Nd2 g6 6. h3 Bg7 7. Bd3 O-O 8. Ngf3
Bd7 9. O-O Qb6 10. Qb3 Qxb3 11. axb3 b6 12. Ra2 Rac8 13. Ne5 Ra8 14. Rfa1 a5
15. dxc5 Nxe5 16. Bxe5 bxc5 17. Rxa5 Rxa5 18. Rxa5 Rc8 19. Ra7 Be6 20. Rxe7 Rd8
21. Nf3 h6 22. Rc7 Rc8 23. Ra7 Rc6 24. c4 dxc4 25. bxc4 Ne4 26. Bc7 Nd6 27. b3
{nicht mehr nachvollziehbar} 1-0

[Event "DVM U10 2016"]
[Site "Magdeburg GER"]
[Date "2016.12.27"]
[Round "2"]
[White "Gossing, Maxi-Sophia"]
[Black "Bildat, Emilia"]
[Result "0-1"]
[Termination "normal"]
[Board "15.2"]
[WhiteElo "790"]
[BlackElo "1294"]
[WhiteTeam "Lübecker SV 2"]
[BlackTeam "SC Turm Lüneburg"]
[PlyCount "72"]
[BlackFideId "16218140"]
[EventCountry "GER"]
[EventRounds "7"]
[EventType "team-swiss"]
[EventDate "2016.12.27"]

1. e4 e5 2. Nf3 Nc6 3. Bc4 Be7 4. Nc3 Nf6 5. Ng5 O-O 6. Nxf7 Rxf7 7. Bxf7+ Kxf7
8. d3 d6 9. Bg5 Kg8 10. Bxf6 Bxf6 11. O-O Be6 12. Re1 Qe8 13. Re3 Bg5 14. Rg3
Bf4 15. Rf3 Bg4 16. h3 Bxf3 17. Qxf3 Qf7 18. Ne2 Bg5 19. Qg4 h6 20. h4 Be7 21.
Ng3 Rf8 22. Nh5 Qxf2+ 23. Kh2 Qxh4+ 24. Qxh4 Bxh4 25. g3 Bg5 26. Kh3 g6 27. Kg4
gxh5+ 28. Kxh5 Kg7 29. c3 Rf3 30. Rd1 Rxg3 31. Rd2 Bxd2 32. d4 Kf6 33. Kh4 Rg8
34. dxe5+ dxe5 35. Kh5 Be1 36. Kxh6 Rh8# 0-1

[Event "DVM U10 2016"]
[Site "Magdeburg GER"]
[Date "2016.12.27"]
[Round "2"]
[White "Strzoda, Christian"]
[Black "Hellenbroich, Hanno"]
[Result "1-0"]
[Termination "normal"]
[Board "15.3"]
[WhiteElo "849"]
[BlackElo "600"]
[WhiteTeam "SC Turm Lüneburg"]
[BlackTeam "Lübecker SV 2"]
[PlyCount "48"]
[WhiteFideId "16218450"]
[BlackFideId "16270762"]
[EventCountry "GER"]
[EventRounds "7"]
[EventType "team-swiss"]
[EventDate "2016.12.27"]

1. d4 d5 2. Bf4 Nc6 3. c3 Nf6 4. Nf3 Bf5 5. e3 e6 6. Bd3 Bxd3 7. Qxd3 Bd6 8.
O-O Bxf4 9. exf4 O-O 10. Nbd2 Re8 11. Rad1 Ng4 12. h3 Nf6 13. Rfe1 Nh5 14. Ng5
g6 15. Ngf3 Nxf4 16. Qe3 Nh5 17. Ne5 Nxe5 18. Qxe5 Qd6 19. Qe3 Qf4 20. Qe5 Qxe5
21. dxe5 f6 22. g4 fxe5 23. gxh5 gxh5 24. b3 e4 {nicht mehr nachvolziehbar} 1-0

[Event "DVM U10 2016"]
[Site "Magdeburg GER"]
[Date "2016.12.27"]
[Round "2"]
[White "Mimkes, Antal"]
[Black "Hecht, Jonas Christian"]
[Result "1/2-1/2"]
[Termination "normal"]
[Board "16.1"]
[WhiteElo "1168"]
[BlackElo "1381"]
[WhiteTeam "KSV Rochade Göttingen"]
[BlackTeam "SC Kreuzberg"]
[PlyCount "46"]
[WhiteFideId "16265963"]
[BlackFideId "16214846"]
[EventCountry "GER"]
[EventRounds "7"]
[EventType "team-swiss"]
[EventDate "2016.12.27"]

1. e4 e5 2. Nf3 Nc6 3. Bc4 Bc5 4. O-O Nf6 5. Nc3 O-O 6. d3 d6 7. h3 Be6 8. Bg5
Bxc4 9. dxc4 Nb8 10. Nd5 Nbd7 11. b4 Bb6 12. Nh2 c6 13. Nxf6+ Nxf6 14. Ng4 Kh8
15. Nxf6 gxf6 16. Bh4 Rg8 17. c5 Bc7 18. cxd6 Bxd6 19. Qf3 Rg6 20. Rad1 Qe7 21.
a3 Rag8 22. g3 Qe6 23. Kh2 Be7 1/2-1/2

[Event "DVM U10 2016"]
[Site "Magdeburg GER"]
[Date "2016.12.27"]
[Round "2"]
[White "Held, Momme Fredrik"]
[Black "Lesser, Luan"]
[Result "0-1"]
[Termination "normal"]
[Board "16.2"]
[WhiteElo "1085"]
[BlackElo "869"]
[WhiteTeam "SC Kreuzberg"]
[BlackTeam "KSV Rochade Göttingen"]
[PlyCount "74"]
[WhiteFideId "16237692"]
[BlackFideId "34640150"]
[EventCountry "GER"]
[EventRounds "7"]
[EventType "team-swiss"]
[EventDate "2016.12.27"]

1. e4 e5 2. Nf3 Nc6 3. Bc4 Nf6 4. Ng5 d5 5. exd5 Nxd5 6. Nxf7 Kxf7 7. Qf3+ Ke6
8. Nc3 Nd4 9. Bxd5+ Kd6 10. Qe4 Bf5 11. Nb5+ Kd7 12. Qxe5 Bc5 13. Nxd4 Re8 14.
Qxe8+ Kxe8 15. Bxb7 Qe7+ 16. Ne2 Rb8 17. Bf3 g5 18. h3 Be4 19. Bh5+ Kd7 20. f3
Bxc2 21. Bg4+ Kc6 22. g3 Re8 23. Rh2 Bd6 24. f4 gxf4 25. Kf1 Bd3 26. Bf3+ Kb6
27. g4 Bxe2+ 28. Rxe2 Qd7 29. a4 Rxe2 30. Bxe2 Qf7 31. Ra3 Bxa3 32. bxa3 f3 33.
Bb5 f2 34. Bb2 Qf4 35. d4 Qd2 36. Ba1 Qe1+ 37. Kg2 Qxa1 0-1

[Event "DVM U10 2016"]
[Site "Magdeburg GER"]
[Date "2016.12.27"]
[Round "2"]
[White "Schilling, Rumo"]
[Black "Lieske, Aaron"]
[Result "1/2-1/2"]
[Termination "normal"]
[Board "16.3"]
[WhiteElo "600"]
[BlackElo "1001"]
[WhiteTeam "KSV Rochade Göttingen"]
[BlackTeam "SC Kreuzberg"]
[PlyCount "38"]
[WhiteFideId "16283139"]
[BlackFideId "16297938"]
[EventCountry "GER"]
[EventRounds "7"]
[EventType "team-swiss"]
[EventDate "2016.12.27"]

1. e4 e5 2. Nf3 Nc6 3. Nc3 Bc5 4. d4 Nxd4 5. Nxd4 Bxd4 6. Nb5 Bb6 7. Bc4 Nf6 8.
Qf3 h6 9. O-O O-O 10. Qg3 Kh7 11. Qxe5 d6 12. Qf4 Be6 13. Bd3 a6 14. Nc3 Kg8
15. Qg3 Nh5 16. Qf3 Nf6 17. Na4 Ba7 18. Qg3 Nh5 19. Qf3 Nf6 1/2-1/2

[Event "DVM U10 2016"]
[Site "Magdeburg GER"]
[Date "2016.12.27"]
[Round "2"]
[White "Varykhalov, Roman"]
[Black "Liebetanz, Arthur"]
[Result "0-1"]
[Termination "normal"]
[Board "16.4"]
[WhiteElo "803"]
[BlackElo "600"]
[WhiteTeam "SC Kreuzberg"]
[BlackTeam "KSV Rochade Göttingen"]
[PlyCount "32"]
[EventCountry "GER"]
[EventRounds "7"]
[EventType "team-swiss"]
[EventDate "2016.12.27"]

1. e4 e5 2. Nf3 Nc6 3. Nc3 Nf6 4. Bc4 d5 5. exd5 Nd4 6. Nxe5 Bf5 7. d3 Bb4 8.
d6 Qc8 9. Nxf7 Rf8 10. Qd2 Be6 11. Qe3 c5 12. Bxe6 Nxc2+ 13. Kd1 Nxe3+ 14. Kd2
Qxe6 15. Re1 Qxf7 16. Rxe3+ Kd8 0-1

[Event "DVM U10 2016"]
[Site "Magdeburg GER"]
[Date "2016.12.27"]
[Round "2"]
[White "Isbilir, Seydi"]
[Black "Poetzsch-Heffter, Frieder"]
[Result "1-0"]
[Termination "normal"]
[Board "17.2"]
[WhiteElo "1091"]
[BlackElo "785"]
[WhiteTeam "SC Erlangen"]
[BlackTeam "Lübecker SV 1"]
[PlyCount "55"]
[WhiteFideId "16267184"]
[BlackFideId "34608842"]
[EventCountry "GER"]
[EventRounds "7"]
[EventType "team-swiss"]
[EventDate "2016.12.27"]

1. e4 e5 2. Nf3 Nc6 3. Nc3 Nf6 4. Bc4 Bc5 5. O-O d6 6. h3 O-O 7. b3 Bg4 8. hxg4
Nxg4 9. Nd5 Nb4 10. Nxb4 Bxb4 11. d4 exd4 12. Nxd4 Qh4 13. Nf3 Qh5 14. Bf4 Bc3
15. Rb1 c5 16. Nh2 Nxh2 17. Qxh5 Nxf1 18. Kxf1 Rae8 19. Bxd6 Rxe4 20. Bxf8 h6
21. Qxf7+ Kh7 22. Qf5+ Kh8 23. Qxe4 Bf6 24. Rd1 a6 25. Rd7 b5 26. Bd3 Kg8 27.
Qe8 c4 28. Be7# 1-0